<?xml version="1.0" encoding="UTF-8"?>
<record
    xmlns:xsi="http://www.w3.org/2001/XMLSchema-instance"
    xsi:schemaLocation="http://www.loc.gov/MARC21/slim http://www.loc.gov/standards/marcxml/schema/MARC21slim.xsd"
    xmlns="http://www.loc.gov/MARC21/slim">

  <leader>01402nam a2200265Ia 4500</leader>
  <datafield tag="999" ind1=" " ind2=" ">
    <subfield code="c">6669</subfield>
    <subfield code="d">6669</subfield>
  </datafield>
  <controlfield tag="003">OSt</controlfield>
  <controlfield tag="005">20200330171522.0</controlfield>
  <controlfield tag="008">191128s2015    ck ao  gr     000 0 spa d</controlfield>
  <datafield tag="040" ind1=" " ind2=" ">
    <subfield code="a">CO-JMCR</subfield>
    <subfield code="c">CO-JMCR</subfield>
  </datafield>
  <datafield tag="082" ind1="0" ind2="4">
    <subfield code="a">070.4 /</subfield>
    <subfield code="b">D674s</subfield>
  </datafield>
  <datafield tag="100" ind1="1" ind2=" ">
    <subfield code="a">Donadio, Alberto, </subfield>
    <subfield code="e"> autor</subfield>
    <subfield code="9">118</subfield>
  </datafield>
  <datafield tag="245" ind1=" " ind2="0">
    <subfield code="a">70 a&#xF1;os de periodismo en Colombia /</subfield>
    <subfield code="c">Alberto Donadio, Javier Dar&#xED;o Restrepo, Maryluz Vallejo, Mario Morales, Mar&#xED;a Teresa Herr&#xE1;n [y otros 12]</subfield>
  </datafield>
  <datafield tag="250" ind1=" " ind2=" ">
    <subfield code="a">Primera edici&#xF3;n</subfield>
  </datafield>
  <datafield tag="260" ind1=" " ind2=" ">
    <subfield code="a">Bogot&#xE1; : </subfield>
    <subfield code="b">C&#xED;rculo de Periodistas de Bogot&#xE1;, Proyectos Semana, </subfield>
    <subfield code="c">2015</subfield>
  </datafield>
  <datafield tag="300" ind1=" " ind2=" ">
    <subfield code="a">170 p&#xE1;ginas : </subfield>
    <subfield code="b">fotograf&#xED;as a color ; </subfield>
    <subfield code="c">30 cm.</subfield>
  </datafield>
  <datafield tag="505" ind1=" " ind2=" ">
    <subfield code="a">70 a&#xF1;os de evoluci&#xF3;n -- Censuras y autocensuras -- Or&#xED;genes de la convergencia -- Su desarrollo en Colombia -- De 'columna' a g&#xE9;nero interpretativo -- 70 a&#xF1;os de cubrimientos dolorosos -- Historias de reporteros que hicieron historia</subfield>
  </datafield>
  <datafield tag="520" ind1=" " ind2=" ">
    <subfield code="a">La conmemoraci&#xF3;n de los 70 a&#xF1;os de vida del C&#xED;rculo de Peridiodistas de Bogot&#xE1;, CPB, se constiturye como una valiosa fuente de la historia del periodismo en la capital y del oficio en Colombia, teniendo en cuenta por nuestra instituci&#xF3;n.</subfield>
  </datafield>
  <datafield tag="546" ind1=" " ind2=" ">
    <subfield code="a">spa</subfield>
  </datafield>
  <datafield tag="650" ind1="1" ind2="4">
    <subfield code="a">Periodismo</subfield>
    <subfield code="x">Colombia</subfield>
    <subfield code="9">2227</subfield>
  </datafield>
  <datafield tag="650" ind1="2" ind2="4">
    <subfield code="a">Historia</subfield>
    <subfield code="x">Colombia </subfield>
    <subfield code="9">2228</subfield>
  </datafield>
  <datafield tag="700" ind1="1" ind2=" ">
    <subfield code="a">Restrepo, Javier Dar&#xED;o, </subfield>
    <subfield code="e">autor</subfield>
    <subfield code="9">2229</subfield>
  </datafield>
  <datafield tag="700" ind1="1" ind2=" ">
    <subfield code="a">Vallejo, Maryluz</subfield>
    <subfield code="e">autor</subfield>
    <subfield code="9">2230</subfield>
  </datafield>
  <datafield tag="700" ind1="1" ind2=" ">
    <subfield code="a">Morales, Mario, </subfield>
    <subfield code="e">autor</subfield>
    <subfield code="9">2231</subfield>
  </datafield>
  <datafield tag="942" ind1=" " ind2=" ">
    <subfield code="2">ddc</subfield>
    <subfield code="c">BK</subfield>
  </datafield>
  <datafield tag="952" ind1=" " ind2=" ">
    <subfield code="0">0</subfield>
    <subfield code="1">0</subfield>
    <subfield code="2">ddc</subfield>
    <subfield code="4">0</subfield>
    <subfield code="7">0</subfield>
    <subfield code="a">CPL</subfield>
    <subfield code="b">CPL</subfield>
    <subfield code="c">GEN</subfield>
    <subfield code="d">2017-01-01</subfield>
    <subfield code="e">Donaci&#xF3;n</subfield>
    <subfield code="g">0.00</subfield>
    <subfield code="l">1</subfield>
    <subfield code="o">070.4 / D674s</subfield>
    <subfield code="p">430012354</subfield>
    <subfield code="r">2025-07-25 07:54:31</subfield>
    <subfield code="s">2025-07-24</subfield>
    <subfield code="t">Ej.1</subfield>
    <subfield code="w">2020-03-30</subfield>
    <subfield code="y">BK</subfield>
  </datafield>
</record>
